1567 1578 1776 1135 1256 1635 1150 1063 1200 1149 1373 1627 1624 1206 1690 1033 1330 1889 1193 1832 1498 1399 1986 1313 1133 1082 1116 1624 1099 1548 1437 1046 1192 1872 1960 1835 1170 1105 1697 1343 1882 1337 1135 1738 1792 1023 1868 1995 1005 1445 1570 1423 1514 1898 1948 1041 1666 1828 1340 1036 1853 1360 1130 1779 1221 1101 1503 1532 1053 1228 1670 1831 1648 1138 1225 1120 1235 1797 1836 1502 1799 1848 1128 1319 1809 1183 1817 1815 1674 1453 1127 1976 1054 1729 1348 1947 1835 1449 1173 BCNSPRNW ULIB Ver.6.0+V

เปลี่ยนเป็นภาษาไทย

Change to English
 แสดงรายละเอียดบรรณานุกรม
  กลับหน้าหลัก

Brief Record : Get Marc (ISO 2709) : E-mail record : QR code < ปิดหน้าต่าง
LEADER : 00000nam 2200000uu 4500
001    13399110857
003     ULIB
008    110610s2549||||th 000 0 tha d
020    9746507117
060 04 WS280^bก461 2549
245 00 การบำบัดรักษาทางระบบหายใจในเด็ก : สำหรับแพทย์และพยาบาล :^bThe essentials of pediatric respiratory care /^cบรรณาธิการ, อรุณวรรณ พฤทธิพันธุ์ ... [และคนอื่นๆ]
246 30 The essentials of pediatric respiratory care
250    พิมพ์ครั้งที่ 1
260    กรุงเทพฯ :^bโครงการส่งเสริมและฟื้นฟูสมรรถภาพปอดเด็กคณะแพทยศาสตร์โรงพยาบาลรามาธิบดี,^c2549
300    ix, 494 หน้า :^bภาพประกอบ ;^c27 ซม.
500    โครงการส่งเสริมและฟื้นฟูสมรรถภาพปอดเด็กคณะแพทยศาสตร์โรงพยาบาลรามาธิบดี
504    บรรณานุกรมและดัชนี
650  2 Respiratory System^xin infancy & childhood^xtherapy
650  2 Respiratory Tract Diseases^xin infancy & childhood
650  7 การหายใจ, ระบบ^xในวัยทารกและวัยเด็ก
650  7 ทางเดินหายใจ, โรค
650  7 การรักษาทางระบบหายใจ^xในวัยทารก และวัยเด็ก
700 0  อรุณวรรณ พฤทธิพันธ,^eบรรณาธิการ
710 2  คณะแพทยศาสตร์โรงพยาบาลรามาธิบดี.^bโครงการส่งเสริมและฟื้นฟูสมรรถภาพปอดเด็ก
945    ^p500^l0^i020391
995    ทศพร
999 ^a ใช้งานได้ทุกระบบ
รายการนี้ยังไม่มีแท็ก
คุณยังไม่ได้ล็อกอิน คุณสามารถมีกิจกรรมร่วมกับเว็บไซต์ได้ แต่ต้องล็อกอินก่อน ::
  ล็อกอิน

รายการสื่อสารสนเทศ

ลำดับที่ ประเภท เลขเรียก/บาร์โค้ด สถานที่ สถานะ
- ไม่พบข้อมูล -

รายการใกล้เคียง
    หัวเรื่อง [ทางเดินหายใจ, โรค]

BibComment


ยังไม่เคยถูกคอมเมนท์

คอมเมนท์ทรัพยากรรายการนี้
  คอมเมนท์: การบำบัดรักษาทางร..


 Copyright 2026. Bcnsprnw @Library